000 00628nam a2200217Ii 4500
003 JO-AjNU
008 230606s9999||||xx |||||||||||||| ||und||
020 _a0-582-23953-2
040 _aJO-AjNU
_beng
_erda
_cJO-AjNU
041 _aeng
050 1 4 _aHB137.B37.1996
100 3 _aBarrow,Michael,
_eauthor
_93084
245 0 0 _aSatistics for Economics Accounting and Business Studies
250 _a2nd ed
264 3 1 _aNew york:longman.1996
300 _a321p
336 _atext
_btxt
_2rdacontent
337 _aunmediated
_bn
_2rdamedia
338 _avolume
_bnc
_2rdacarrier
650 4 _aEconomics-statistical methods
_93085
999 _aE1617
_c1617
_d1617